Hybrid Theory Tracklist By Streams - Statistics

General Stats
  • This quiz has been taken 20 times
  • The average score is 9 of 12
Answer Stats
# Streams Answer % Correct
3 773,315,963 Crawling
100%
1 2,675,850,149 In the End
100%
2 1,004,886,820 One Step Closer
89%
4 680,558,587 Papercut
89%
5 328,152,712 A Place for My Head
74%
9 143,978,067 By Myself
63%
6 262,113,828 Points of Authority
63%
7 208,671,289 Runaway
63%
8 170,483,924 With You
58%
12 62,063,097 Cure for the Itch
53%
11 125,314,112 Forgotten
53%
10 134,188,552 Pushing Me Away
47%
No matching quizzes found
Score Distribution
Percent of People with Each Score
Percentile by Number Answered
Your Score History
You have not taken this quiz